Régions du Monde, partagées entre plusieurs pays - Statistiques

Statistiques générales
  • Ce quiz a été pris 2 020 fois
    1 641 depuis la dernière actualisation
  • Le résultat moyen est 60 sur 70
Statistiques - réponses
Réponse % Correct
Espagne
99%
France
99%
Corée du Nord
97%
Corée du Sud
97%
Inde
97%
Norvège
96%
Russie
96%
Suède
96%
Finlande
95%
Grèce
94%
Pakistan
94%
Algérie
93%
Macédoine du Nord
93%
Maroc
93%
Portugal
93%
Turquie
93%
Arabie Saoudite
92%
Viêt Nam
92%
Albanie
91%
Danemark
91%
Yémen
90%
Bangladesh
89%
Egypte
89%
Iran
89%
Kosovo
89%
Laos
89%
Oman
89%
Qatar
89%
Serbie
89%
Thailande
89%
Argentine
88%
Bulgarie
88%
Cambodge
88%
Croatie
88%
Emirats Arabes Unis
88%
Géorgie
88%
Irak
88%
Chili
87%
Tunisie
87%
Arménie
86%
Mali
86%
Libye
85%
Mauritanie
85%
Monténégro
85%
Slovénie
85%
Syrie
85%
Birmanie
84%
Brésil
84%
Andorre
83%
Azerbaïdjan
83%
Bosnie-Herzégovine
83%
Koweït
83%
Roumanie
83%
Afghanistan
82%
Soudan
82%
Tchad
82%
Autriche
81%
Bahreïn
81%
Italie
81%
Niger
80%
Bolivie
79%
Paraguay
79%
Malaisie
78%
Allemagne
75%
Pologne
74%
République Tchèque
70%
Singapour
68%
Pays-Bas
67%
Kenya
54%
Tanzanie
50%
Aucun quiz correspondant
Distribution des résultats
% des personnes avec chaque résultat
Percentile par nombre de réponses
Votre historique - résultats
Vous n’avez pas pris ce quiz depuis la dernière actualisation